000 01198nam a2200253 a 4500
001 55607
003 BD-RjUL
005 20211209080305.0
008 161120s1993 bg ||||| |||| 00| 0 ben d
020 _a9844650224
_c: Tk 50.00
035 _a(BD-RjUL)55730
040 _aBD-RjUL
_bben
_cBD-RjUL
_dBD-RjUL
041 _aben
082 _223
_a370.92
_bUNA 1993
245 0 0 _aঊনসত্তরের শহীদ ডক্টর শামসুজ্জোহা /
_cমনসুর আহমদ খান, সম্পাদিত
260 _aঢাকা :
_bসাহিত্য প্রকাশ,
_c১৯৯৩
300 _a৯৩, [১] পৃ. ;
_c২১ সেমি .
600 _aশামসুজ্জোহা, মোহাম্মদ
_xশিক্ষাবিদ
_zবাংলাদেশ
_xজীবনী
_9239994
600 _aShamsuzzoha, Muhammad
_xEducator
_zBangladesh
_xBiography
_9239995
650 _aশিক্ষাবিদ
_zবাংলাদেশ
_xজীবনী
_9239996
650 _aEducators
_zBangladesh
_xBiography
_9239997
700 _aখান, মনসুর আহমদ, সম্পাদক
_9239998
942 _2ddc
_cBK
999 _c55607
_d55607